LIBRARY & INFORMATION CENTRE, KCAET, TAVANUR

ONLINE PUBLIC ACCESS CATALOGUE (OPAC)

Electro-technology: For national certificate courses / (Record no. 2081)

MARC details
000 -LEADER
fixed length control field 00492cam a2200193ua 4500
041 ## - LANGUAGE CODE
Language code of text/sound track or separate title eng
082 ## - DEWEY DECIMAL CLASSIFICATION NUMBER
Classification number 621.301
Item number BUC/EL
100 ## - MAIN ENTRY--AUTHOR NAME
Personal name Buchingham, H.
245 ## - TITLE STATEMENT
Title Electro-technology: For national certificate courses /
250 ## - EDITION STATEMENT
Edition statement 1 /
260 ## - PUBLICATION, DISTRIBUTION, ETC. (IMPRINT)
Place of publication :
Name of publisher English Universities Press ,
Year of publication 1959.
300 ## - PHYSICAL DESCRIPTION
Number of Pages 361 ; .
700 1# - ADDED ENTRY--PERSONAL NAME
Personal name Price, E.M.
942 ## - ADDED ENTRY ELEMENTS (KOHA)
Koha item type Books
Holdings
Withdrawn status Lost status Damaged status Home library Current library Date acquired Full call number Accession Number Koha item type
      KAUAET KAUAET 07/04/2012 621.301 3754 Books
free website counter